000 00698nam a2200241Ia 4500
003 OSt
005 20220923221331.0
006 a|||||r|||| 00| 0
007 ta
008 220922b |||||||| |||| 00| 0 hin d
024 _a197,209
037 _cTextual
040 _aARTS
_cARTS
_bhin
041 _2hin
_ahin
082 _aO152,6N38x, N0
100 _aजोशी, प्रभाष
_9156291
245 0 _aमसि कागद
246 _aMasi kāgada
260 _aदिल्ली
_b प्रभात प्रका0
_c1990
300 _a240पृ.
_ccm.
942 _hO152,6N38x, N0
_cTEXL
_2CC
999 _c349080
_d349080